| 000 | 00945nam a2200277 a 4500 | ||
|---|---|---|---|
| 005 | 20150922085042.0 | ||
| 008 | 140310b2002 ck ||||| |||| 00| 0 spa d | ||
| 040 |
_aCO-BoIAVH _cCO-BoIAVH |
||
| 041 | _aspa | ||
| 044 | _ack | ||
| 090 |
_aEA- _b312 |
||
| 100 | 1 | _aDe La Ossa Velásquez, Jaime | |
| 245 |
_aConozcamos la hicotea / _cJaime de la Ossa Velásquez, Caty Milena Martínez Bravo y Edith Liliana Guzmán Lotero |
||
| 260 |
_aSincelejo (Colombia): _bUniversidad de Sucre, _c2002. |
||
| 300 |
_a28 páginas : _bilustraciones ; _c28 cm. |
||
| 650 |
_aReptiles _xEducación |
||
| 650 |
_aTortugas _xEducación |
||
| 650 | _aMorfología animal | ||
| 650 | _aZoocría | ||
| 650 | _aCría en cautiverio | ||
| 650 | _aRecetarios culinarios | ||
| 662 | _aColombia | ||
| 700 | 1 | _aMartínez Bravo, Caty Milena | |
| 700 | 1 | _aGuzmán Lotero, Edith Liliana | |
| 942 |
_cFolleto _2z |
||
| 999 |
_c3147 _d3147 |
||